000
nam a22 7a 4500
999
_c
49791
_d
49791
003
OSt
005
20200228163142.0
008
200228b xxu||||| |||| 00| 0 eng d
040
_c
sero soft
100
_a
Upadhyaya,Dr.J.J.R
245
_a
Envioronment Law
260
_a
Allahabad
_b
CLA
300
_a
533
942
_2
ddc
_c
02